[Event "Paris-ch op-B 87th"]
[Site "Paris"]
[Date "2012.07.10"]
[Round "4"]
[White "Bensaid, Alexandre"]
[Black "Hauseux, Paul"]
[Result "1-0"]
[WhiteElo "1974"]
[BlackElo "1872"]
[PlyCount "51"]
[EventDate "2012.07.07"]
[EventType "swiss"]
[EventRounds "9"]
[EventCountry "FRA"]
[SourceTitle "EXT 2013"]
[Source "ChessBase"]
[SourceDate "2012.11.22"]
[SourceVersion "1"]
[SourceVersionDate "2012.11.22"]
[SourceQuality "1"]

1. e4 g6 2. d4 Bg7 3. Nc3 d6 4. f4 a6 5. a4 Nd7 6. Nf3 c5 7. d5 Qb6 8. Be2 h5 9. a5 Qc7 10. 0-0 Nh6 11. h3 b5 12. axb6 Qxb6 13. g3 Bxc3 14. bxc3 Nf6 15. Ng5 Bxh3 16. Nxh3 Nxe4 17. Qe1 c4+ 18. Kg2 Nf5 19. Rf3 Qc5 20. Ra4 Qxd5 21. Bxc4 Qc6 22. Bxf7+ Kxf7 23. Rxe4 Rhe8 24. Re6 Rab8 25. Ng5+ Kg7 26. Rxg6+ 1-0

[Event "Paris-ch op-A"]
[Site "Paris"]
[Date "2010.07.11"]
[Round "9"]
[White "Bensaid, Alexandre"]
[Black "Elkaim, Olivier"]
[Result "1/2-1/2"]
[WhiteElo "1921"]
[BlackElo "2100"]
[PlyCount "91"]
[EventDate "2010.07.03"]
[EventType "swiss"]
[EventRounds "9"]
[EventCountry "FRA"]
[SourceTitle "CBM 137 Extra"]
[Source "ChessBase"]
[SourceDate "2010.09.01"]
[SourceVersion "1"]
[SourceVersionDate "2010.09.01"]
[SourceQuality "1"]

1. e4 c5 2. Nf3 d6 3. d4 cxd4 4. Nxd4 Nf6 5. Nc3 g6 6. g3 Bg7 7. Bg2 0-0 8. 0-0 Nc6 9. Nde2 Rb8 10. Nd5 Nd7 11. a4 a6 12. Rb1 b5 13. axb5 axb5 14. h4 Nde5 15. Ne3 b4 16. b3 Ra8 17. Kh1 Ra2 18. Nf4 Bb7 19. Nfd5 e6 20. Nf4 Qa8 21. Nh3 Rd8 22. h5 d5 23. exd5 Ne7 24. hxg6 hxg6 25. d6 Bxg2+ 26. Nxg2 Nd5 27. Bb2 Rxd6 28. Qe2 Nc3 29. Bxc3 bxc3 30. Rbd1 Rxd1 31. Rxd1 Nf3 32. Qd3 Bf6 33. Ng1 Nd2 34. Ne2 Qa5 35. Kg1 Ra1 36. Rxa1 Qxa1+ 37. Kh2 Qa5 38. Ngf4 Qc5 39. Kg2 Qc6+ 40. f3 Qc5 41. Nxe6 fxe6 42. Qxg6+ Bg7 43. Qxe6+ Kh7 44. Qh3+ Kg8 45. Qe6+ Kh7 46. Qh3+ 1/2-1/2

[Event "FRA-chT1 0910"]
[Site "France"]
[Date "2009.12.13"]
[Round "7.6"]
[White "Bensaid, Alexandre"]
[Black "Emmenecker, Philippe"]
[Result "0-1"]
[WhiteElo "1905"]
[BlackElo "2180"]
[PlyCount "54"]
[EventDate "2009.09.27"]
[EventType "team-tourn"]
[EventRounds "11"]
[EventCountry "FRA"]
[SourceTitle "EXT 2011"]
[Source "ChessBase"]
[SourceDate "2010.11.26"]
[SourceVersion "1"]
[SourceVersionDate "2010.11.26"]
[SourceQuality "1"]

1. e4 c5 2. Nf3 Nc6 3. d4 cxd4 4. Nxd4 Nf6 5. Nc3 e5 6. Ndb5 d6 7. Bg5 a6 8. Na3 Be6 9. Bc4 b5 10. Bd5 Rc8 11. Bxf6 Qxf6 12. Bxc6+ Rxc6 13. Nd5 Qg6 14. Qf3 Bxd5 15. exd5 Rc5 16. 0-0 Be7 17. b4 Rc7 18. Rac1 Bg5 19. Rcd1 0-0 20. Qb3 Rfc8 21. Rd3 Bf4 22. Rfd1 e4 23. Rh3 Be5 24. Qb1 Rc3 25. Rxc3 Rxc3 26. Qc1 Qh5 27. g3 Rxa3 0-1

[Event "FRA-chT2 0910"]
[Site "France"]
[Date "2009.10.17"]
[Round "2.7"]
[White "Guedouar, Houssem"]
[Black "Bensaid, Alexandre"]
[Result "0-1"]
[WhiteElo "1999"]
[BlackElo "1909"]
[PlyCount "78"]
[EventDate "2009.09.27"]
[EventType "team-tourn"]
[EventRounds "11"]
[EventCountry "FRA"]
[SourceTitle "EXT 2011"]
[Source "ChessBase"]
[SourceDate "2010.11.26"]
[SourceVersion "1"]
[SourceVersionDate "2010.11.26"]
[SourceQuality "1"]

1. c4 b6 2. g3 Bb7 3. Nf3 Bxf3 4. exf3 c5 5. Bg2 Nc6 6. Nc3 g6 7. 0-0 Bg7 8. d3 Nh6 9. Re1 0-0 10. Rb1 Nf5 11. a3 Rc8 12. f4 e6 13. Qd2 Ncd4 14. b4 d6 15. Bb2 Qc7 16. Ne2 Rfd8 17. Nxd4 Nxd4 18. Ba1 d5 19. bxc5 dxc4 20. cxb6 axb6 21. Rec1 Qd6 22. Bxd4 Qxd4 23. Bf1 c3 24. Qc2 Qc5 25. Rb3 Ra8 26. Rcb1 Bd4 27. Rxb6 Rxa3 28. R6b5 Qa7 29. Rb7 Ra2 30. Qb3 Qa8 31. Bg2 Rxf2 32. Kh1 Rc8 33. Bd5 c2 34. Rc1 exd5 35. Qxd5 Rf8 36. Qe4 Be3 37. Re1 c1Q 38. Rxc1 Bxc1 39. Kg1 Rb2 0-1

[Event "FRA-ch U14"]
[Site "Le Grand Bornand"]
[Date "2007.04.15"]
[Round "9"]
[White "Bensaid, Alexandre"]
[Black "Song, Julien"]
[Result "0-1"]
[WhiteElo "1874"]
[BlackElo "1957"]
[PlyCount "73"]
[EventDate "2007.04.07"]
[EventType "swiss"]
[EventRounds "9"]
[EventCountry "FRA"]
[SourceTitle "CBM 118 Extra"]
[Source "ChessBase"]
[SourceDate "2007.07.04"]
[SourceVersion "1"]
[SourceVersionDate "2007.07.04"]
[SourceQuality "1"]

1. e4 e6 2. d4 d5 3. Nc3 Nf6 4. Bg5 dxe4 5. Nxe4 Be7 6. Nxf6+ Bxf6 7. Bxf6 Qxf6 8. Nf3 Nd7 9. c3 c5 10. Bb5 0-0 11. Bxd7 Bxd7 12. 0-0 Rad8 13. Qe2 cxd4 14. Nxd4 Qf4 15. g3 Qf6 16. f4 Qe7 17. Rae1 Qc5 18. Rf2 Bc6 19. f5 Rxd4 20. cxd4 Qd5 21. Rg2 Qxf5 22. Qf2 Qd5 23. a3 g6 24. Rc1 Rd8 25. b4 a6 26. Rxc6 bxc6 27. Qc2 Qxd4+ 28. Rf2 Qa1+ 29. Kg2 Qxa3 30. Qxc6 Qxb4 31. Qxa6 Qe4+ 32. Kg1 Rd1+ 33. Rf1 Qe3+ 34. Kh1 Qf3+ 35. Kg1 Rxf1+ 36. Qxf1 Qxf1+ 37. Kxf1 0-1

[Event "FRA-ch U14"]
[Site "Le Grand Bornand"]
[Date "2007.04.14"]
[Round "8"]
[White "L'Huillier, Robin"]
[Black "Bensaid, Alexandre"]
[Result "0-1"]
[WhiteElo "1889"]
[BlackElo "1874"]
[PlyCount "120"]
[EventDate "2007.04.07"]
[EventType "swiss"]
[EventRounds "9"]
[EventCountry "FRA"]
[SourceTitle "CBM 118 Extra"]
[Source "ChessBase"]
[SourceDate "2007.07.04"]
[SourceVersion "1"]
[SourceVersionDate "2007.07.04"]
[SourceQuality "1"]

1. e4 c5 2. Nf3 Nc6 3. Bb5 g6 4. 0-0 Bg7 5. c3 e5 6. Re1 Nge7 7. d3 0-0 8. Be3 d6 9. Qd2 f5 10. Bc4+ Kh8 11. Bh6 f4 12. Bxg7+ Kxg7 13. Ng5 Rf6 14. f3 h6 15. Nh3 Bxh3 16. gxh3 g5 17. Kh1 Ng6 18. Rg1 Nh4 19. Qf2 Rg6 20. Na3 Qd7 21. Qf1 h5 22. Nc2 Kh7 23. Ne1 Rf8 24. Rd1 Rff6 25. Rd2 Rg7 26. Bd5 Ne7 27. d4 cxd4 28. cxd4 Nxd5 29. exd5 exd4 30. Rxd4 Nf5 31. Rd2 Ne3 32. Qd3+ Kh6 33. h4 g4 34. Nc2 gxf3 35. Nxe3 Rxg1+ 36. Kxg1 fxe3 37. Qxe3+ Kh7 38. Rf2 Qg4+ 39. Kh1 Rg6 40. Qe1 Qxh4 41. Qf1 Qe4 42. Rxf3 Qxd5 43. Qd3 Qxd3 44. Rxd3 Kg7 45. Rc3 Kf6 46. Rc7 Rg7 47. Rc8 d5 48. Rd8 Ke5 49. Re8+ Kd4 50. Rd8 Ke4 51. h4 d4 52. Re8+ Kd3 53. Re5 Kc2 54. Rxh5 d3 55. Rc5+ Kd1 56. h5 d2 57. h6 Rh7 58. Kg2 Rxh6 59. Kf1 Rf6+ 60. Kg2 Rc6 0-1

[Event "Bois Colombes op 2nd"]
[Site "Bois Colombes"]
[Date "2005.12.25"]
[Round "5"]
[White "Degremont, Patrick"]
[Black "Bensaid, Alexandre"]
[Result "1-0"]
[WhiteElo "1955"]
[BlackElo "1840"]
[PlyCount "91"]
[EventDate "2005.12.21"]
[EventType "swiss"]
[EventRounds "6"]
[EventCountry "FRA"]
[SourceTitle "EXT 2007"]
[Source "ChessBase"]
[SourceDate "2006.11.23"]
[SourceVersion "1"]
[SourceVersionDate "2006.11.23"]
[SourceQuality "1"]

1. e4 e5 2. Nf3 Nc6 3. Bc4 Bc5 4. c3 Nf6 5. d3 d6 6. b4 Bb6 7. a4 a5 8. b5 Ne7 9. Qb3 0-0 10. Ba3 Qe8 11. 0-0 Ng6 12. Nbd2 Nf4 13. Rae1 h6 14. d4 exd4 15. cxd4 N6h5 16. Kh1 Bg4 17. e5 Qd7 18. g3 Ng6 19. Bd5 Rab8 20. exd6 cxd6 21. Nc4 Bc7 22. b6 Bd8 23. Nxd6 Bf6 24. Bc5 Bg5 25. h4 Bf6 26. Re4 Bh3 27. Rfe1 Bg4 28. Nxf7 Bxf3+ 29. Qxf3 Qxd5 30. Bxf8 Rxf8 31. Ne5 Bxe5 32. Qxh5 Qe6 33. Kg1 Qxb6 34. dxe5 Qxf2+ 35. Kh1 Qxg3 36. Qg4 Qxg4 37. Rxg4 Ne7 38. Rd4 Rf7 39. e6 Rf8 40. Rd7 Ng6 41. h5 Nf4 42. e7 Re8 43. Rd8 Kf7 44. Rf1 Kxe7 45. Rxe8+ Kxe8 46. Rxf4 1-0

[Event "FRA-chT U20"]
[Site "Pau"]
[Date "2005.12.19"]
[Round "6"]
[White "Anres, Pierre"]
[Black "Bensaid, Alexandre"]
[Result "0-1"]
[WhiteElo "1450"]
[BlackElo "1840"]
[PlyCount "80"]
[EventDate "2005.12.??"]
[EventType "team"]
[EventRounds "11"]
[EventCountry "FRA"]
[SourceTitle "EXT 2007"]
[Source "ChessBase"]
[SourceDate "2006.11.23"]
[SourceVersion "1"]
[SourceVersionDate "2006.11.23"]
[SourceQuality "1"]
[WhiteTeam "Pau"]
[BlackTeam "Bois Colombes"]
[WhiteTeamCountry "FRA"]
[BlackTeamCountry "FRA"]

1. d4 Nf6 2. Nf3 g6 3. Bf4 c5 4. e3 Qb6 5. b3 Bg7 6. c3 d6 7. Be2 0-0 8. 0-0 Bf5 9. Bd3 Bxd3 10. Qxd3 Nbd7 11. Nbd2 Rac8 12. Rfe1 Qc6 13. Rac1 b5 14. c4 b4 15. h3 a5 16. dxc5 e5 17. e4 exf4 18. cxd6 Nc5 19. Qe2 Rfe8 20. e5 Nfd7 21. Nd4 Qb7 22. e6 Bxd4 23. exd7 Qxd7 24. Qf3 Qxd6 25. Ne4 Nxe4 26. Rxe4 Rxe4 27. Qxe4 Qe5 28. Qxe5 Bxe5 29. Rd1 Kf8 30. Rd5 Bc7 31. Rc5 Ke7 32. Rd5 Rd8 33. Kf1 Rxd5 34. cxd5 Kd6 35. Ke2 Kxd5 36. Kd3 f5 37. f3 g5 38. Ke2 Kd4 39. Kd2 h5 40. h4 g4 0-1

[Event "FRA-chT U20"]
[Site "Pau"]
[Date "2005.12.18"]
[Round "4"]
[White "Domenech, Vianney"]
[Black "Bensaid, Alexandre"]
[Result "1/2-1/2"]
[WhiteElo "1729"]
[BlackElo "1840"]
[PlyCount "99"]
[EventDate "2005.12.??"]
[EventType "team"]
[EventRounds "11"]
[EventCountry "FRA"]
[SourceTitle "EXT 2007"]
[Source "ChessBase"]
[SourceDate "2006.11.23"]
[SourceVersion "1"]
[SourceVersionDate "2006.11.23"]
[SourceQuality "1"]
[WhiteTeam "Montpellier"]
[BlackTeam "Bois Colombes"]
[WhiteTeamCountry "FRA"]
[BlackTeamCountry "FRA"]

1. d4 Nf6 2. c3 d5 3. Bg5 e6 4. Nd2 Be7 5. e3 0-0 6. Bd3 Nbd7 7. f4 c5 8. Ngf3 Qb6 9. Rb1 h6 10. Bh4 Re8 11. Ne5 Nxe5 12. fxe5 Nd7 13. Bxe7 Rxe7 14. 0-0 f5 15. exf6 Nxf6 16. Qf3 e5 17. dxe5 Rxe5 18. Qg3 Rg5 19. Qf4 Bh3 20. Rf2 Be6 21. e4 c4 22. Bc2 Ng4 23. Rbf1 Nxf2 24. Rxf2 d4 25. cxd4 Qxb2 26. Nf3 Rg4 27. Qd6 Rg6 28. Ne5 Qc1+ 29. Rf1 Qxc2 30. Nxg6 Qxe4 31. d5 Qxg6 32. dxe6 Re8 33. Re1 c3 34. Qd5 c2 35. e7+ Kh8 36. Qd7 Qf7 37. Qd3 Qxa2 38. Rf1 c1Q 39. Rxc1 Qf7 40. Re1 a5 41. Qa3 b6 42. Qd6 b5 43. Qe5 a4 44. Qxb5 Rxe7 45. Rf1 Qe8 46. Qa5 Re5 47. Qb4 Qe7 48. Qxa4 Re1 49. Qf4 Rxf1+ 50. Kxf1 1/2-1/2

[Event "FRA-chT U20a 0405"]
[Site "France"]
[Date "2005.05.15"]
[Round "10.6"]
[White "Treand, Victor"]
[Black "Bensaid, Alexandre"]
[Result "1/2-1/2"]
[WhiteElo "1320"]
[BlackElo "1760"]
[PlyCount "85"]
[EventDate "2004.11.19"]
[EventType "team"]
[EventRounds "11"]
[EventCountry "FRA"]
[SourceTitle "EXT 2006"]
[Source "ChessBase"]
[SourceDate "2005.11.24"]
[SourceVersion "1"]
[SourceVersionDate "2005.11.24"]
[SourceQuality "1"]

1. e4 e5 2. d4 exd4 3. Qxd4 Nc6 4. Qe3 d6 5. Nc3 Nf6 6. Bd2 Be7 7. Qg3 0-0 8. f3 Nxe4 9. Qf4 Nxd2 10. Qxd2 Be6 11. 0-0-0 a6 12. Nge2 b5 13. Kb1 Ne5 14. Qe1 c5 15. Nd5 Bxd5 16. Rxd5 Nc6 17. h4 Nb4 18. Rd1 d5 19. a3 Nc6 20. Nf4 d4 21. h5 h6 22. Nd3 Qb6 23. Ne5 Rfe8 24. Nxc6 Qxc6 25. Bd3 c4 26. Be4 Qd7 27. Bxa8 Rxa8 28. Qe4 Rd8 29. Rhe1 Bf6 30. g4 a5 31. Qf5 Qxf5 32. gxf5 Kf8 33. Re4 Rc8 34. Rde1 Rd8 35. f4 Rc8 36. Kc1 Rd8 37. Re5 Bxe5 38. Rxe5 Rb8 39. Rd5 d3 40. cxd3 cxd3 41. Rxd3 Ke7 42. Rd5 Rb6 43. Kc2 1/2-1/2

[Event "FRA-ch U12"]
[Site "Calvi"]
[Date "2005.04.21"]
[Round "6"]
[White "Bensaid, Alexandre"]
[Black "Vieillot, Colin"]
[Result "1-0"]
[WhiteElo "1780"]
[BlackElo "1690"]
[PlyCount "43"]
[EventDate "2005.04.??"]
[EventType "swiss"]
[EventRounds "9"]
[EventCountry "FRA"]
[SourceTitle "EXT 2006"]
[Source "ChessBase"]
[SourceDate "2005.11.24"]
[SourceVersion "1"]
[SourceVersionDate "2005.11.24"]
[SourceQuality "1"]

1. e4 d5 2. exd5 Qxd5 3. Nc3 Qd6 4. d4 Nf6 5. Nf3 a6 6. Bc4 b5 7. Bd3 Bb7 8. 0-0 Nbd7 9. Bg5 e6 10. Re1 Be7 11. Bh4 0-0 12. Bg3 Qb6 13. Ne5 Rfe8 14. a4 Bb4 15. axb5 Bxc3 16. bxc3 axb5 17. Rb1 Ra5 18. c4 Ba6 19. c5 Qa7 20. Nc6 Qa8 21. Nxa5 Nd5 22. Qd2 1-0

[Event "FRA-chT U20 0405"]
[Site "Agneaux"]
[Date "2004.12.21"]
[Round "7.6"]
[White "Savalle, Alexandre"]
[Black "Bensaid, Alexandre"]
[Result "0-1"]
[WhiteElo "1500"]
[BlackElo "1760"]
[PlyCount "132"]
[EventDate "2004.12.16"]
[EventType "team"]
[EventRounds "7"]
[EventCountry "FRA"]
[SourceTitle "EXT 2006"]
[Source "ChessBase"]
[SourceDate "2005.11.24"]
[SourceVersion "1"]
[SourceVersionDate "2005.11.24"]
[SourceQuality "1"]
[WhiteTeam "Sautron"]
[BlackTeam "Bois Colombes"]
[WhiteTeamCountry "FRA"]
[BlackTeamCountry "FRA"]

1. e4 e5 2. Nf3 Nc6 3. Bc4 Be7 4. 0-0 Nf6 5. Re1 0-0 6. c3 d6 7. h3 Be6 8. Bxe6 fxe6 9. Qb3 Qc8 10. Ng5 Nd8 11. Re3 Nh5 12. Nf3 Nf4 13. d4 exd4 14. Nxd4 Kh8 15. Nd2 e5 16. Nf5 Qd7 17. Qd1 g6 18. Nh6 Nc6 19. Ng4 Bf6 20. Rf3 Bg7 21. Nc4 Ne6 22. b4 Rad8 23. Rd3 Qf7 24. Rf3 Qg8 25. b5 Nb8 26. a4 Nc5 27. Nd2 Nbd7 28. c4 Rxf3 29. Qxf3 Rf8 30. Qe2 b6 31. Nf3 Ne6 32. a5 Ndc5 33. axb6 axb6 34. Ra7 Ra8 35. Rxa8 Qxa8 36. Nd2 Qa1 37. Qd1 Nd4 38. Qf1 Qxc1 39. Qxc1 Ne2+ 40. Kf1 Nxc1 41. Ne3 N1b3 42. Nf3 Ne6 43. Nd5 Nbd4 44. Nxd4 exd4 45. Ke2 Kg8 46. Kd3 Kf7 47. f4 Ke8 48. g4 Kd7 49. f5 Nc5+ 50. Kd2 Nxe4+ 51. Kd3 gxf5 52. gxf5 Nc5+ 53. Kc2 Be5 54. f6 Ne6 55. f7 Nf8 56. Kd3 Ke6 57. Nxc7+ Kxf7 58. Nd5 Nd7 59. Kd2 Kg6 60. Ne7+ Kg5 61. Kd3 Kh4 62. Nf5+ Kxh3 63. Ke4 Nf6+ 64. Kd3 h5 65. Kd2 Kg4 66. Nh6+ Kg5 0-1

[Event "France-ch U10"]
[Site "Reims"]
[Date "2004.04.25"]
[Round "9"]
[White "Ider, Borya"]
[Black "Bensaid, Alexandre"]
[Result "1-0"]
[WhiteElo "1810"]
[BlackElo "1550"]
[PlyCount "121"]
[EventDate "2004.04.??"]
[EventType "swiss"]
[EventRounds "9"]
[EventCountry "FRA"]
[SourceTitle "EXT 2005"]
[Source "ChessBase"]
[SourceDate "2004.11.15"]
[SourceVersion "1"]
[SourceVersionDate "2004.11.15"]
[SourceQuality "1"]

1. Nf3 Nf6 2. d4 d5 3. e3 Bf5 4. c4 e6 5. Qb3 b6 6. cxd5 exd5 7. Ne5 Bd7 8. Nc3 c6 9. Bd3 Be7 10. e4 Be6 11. Qd1 0-0 12. Be3 Qc7 13. Rc1 Bd6 14. Nb5 Bb4+ 15. Bd2 Bxd2+ 16. Qxd2 Qb7 17. Nc3 Nbd7 18. Nxd7 Qxd7 19. e5 Ne8 20. 0-0 Rc8 21. f4 Bf5 22. Ne2 f6 23. Bxf5 Qxf5 24. Ng3 Qd7 25. Rce1 fxe5 26. fxe5 Nc7 27. Qe2 Ne6 28. Qd2 c5 29. Nf5 g6 30. Nd6 Rcd8 31. dxc5 bxc5 32. Qxd5 Kg7 33. Rf3 Rxf3 34. gxf3 Nd4 35. Re3 Nf5 36. Nxf5+ gxf5 37. Qxd7+ Rxd7 38. Kf2 Rd2+ 39. Re2 Rxe2+ 40. Kxe2 f4 41. Kd3 Kg6 42. Ke4 Kf7 43. Kxf4 h5 44. Kf5 h4 45. e6+ Ke7 46. Ke5 a5 47. f4 c4 48. a3 a4 49. f5 c3 50. bxc3 h3 51. f6+ Kf8 52. Kd6 Kg8 53. Kd7 Kh7 54. e7 Kh6 55. e8Q Kh7 56. Qf7+ Kh6 57. Qg8 Kh5 58. f7 Kh4 59. Ke6 Kh5 60. Kf5 Kh6 61. Qg6# 1-0

[Event "FRA-chT U20 0203"]
[Site "Clichy"]
[Date "2003.05.03"]
[Round "10.9"]
[White "Bensaid, Alexandre"]
[Black "Ambroise, Thibault"]
[Result "1/2-1/2"]
[WhiteElo "1300"]
[BlackElo "1400"]
[PlyCount "134"]
[EventDate "2002.12.??"]
[EventType "team"]
[EventRounds "11"]
[EventCountry "FRA"]
[SourceTitle "EXT 2004"]
[Source "ChessBase"]
[SourceDate "2003.11.25"]
[SourceVersion "1"]
[SourceVersionDate "2003.11.25"]
[SourceQuality "1"]
[WhiteTeam "Neuilly"]
[BlackTeam "Pau"]
[WhiteTeamCountry "FRA"]
[BlackTeamCountry "FRA"]

1. e4 e5 2. Nf3 Nc6 3. Bb5 Nf6 4. 0-0 Bc5 5. Nc3 d6 6. d3 Bg4 7. h3 Bh5 8. Bg5 h6 9. Bh4 g5 10. Bg3 a6 11. Ba4 b5 12. Bb3 Nd4 13. Nd5 Nxf3+ 14. gxf3 c6 15. Ne3 a5 16. a3 a4 17. Ba2 Qb6 18. Ng4 Nd7 19. Qe2 f6 20. Be6 Qd8 21. Bxd7+ Kxd7 22. Rad1 Bf7 23. Rd2 h5 24. Ne3 h4 25. Bh2 Bxe3 26. Qxe3 Be6 27. Kg2 Ra6 28. Rfd1 Qb6 29. Qxb6 Rxb6 30. d4 Ke7 31. c3 Bb3 32. Re1 Ke6 33. Kg1 Rc8 34. Kg2 d5 35. exd5+ Bxd5 36. dxe5 Rd8 37. exf6+ Kxf6 38. Red1 Rb7 39. Rd3 Rdd7 40. Kg1 Be6 41. Rxd7 Rxd7 42. Rxd7 Bxd7 43. f4 Bxh3 44. fxg5+ Kxg5 45. f3 Kf5 46. Kf2 Ke6 47. Ke3 Kd5 48. Kd3 Bf5+ 49. Kd2 Kc4 50. Kc1 Kb3 51. Bg1 h3 52. Bh2 Bd3 53. Bg1 Be2 54. f4 Bg4 55. c4 b4 56. axb4 Kxb4 57. Bh2 Kxc4 58. Kd2 Kd4 59. Kc2 Ke3 60. Kc3 Kf2 61. Kb4 Bd7 62. f5 Bxf5 63. Kxa4 Kg2 64. Bb8 h2 65. Bxh2 Kxh2 66. Ka5 Bc2 67. Kb4 Be4 1/2-1/2

[Event "FRA-chT U20 0203"]
[Site "Clichy"]
[Date "2003.05.02"]
[Round "8.10"]
[White "Genin, Alexandre"]
[Black "Bensaid, Alexandre"]
[Result "0-1"]
[WhiteElo "1410"]
[BlackElo "1300"]
[PlyCount "144"]
[EventDate "2002.12.??"]
[EventType "team"]
[EventRounds "11"]
[EventCountry "FRA"]
[SourceTitle "EXT 2004"]
[Source "ChessBase"]
[SourceDate "2003.11.25"]
[SourceVersion "1"]
[SourceVersionDate "2003.11.25"]
[SourceQuality "1"]
[WhiteTeam "Bois Colombes"]
[BlackTeam "Neuilly"]
[WhiteTeamCountry "FRA"]
[BlackTeamCountry "FRA"]

1. e4 e5 2. Nf3 Nc6 3. Nc3 Nf6 4. Bb5 d6 5. d3 Bd7 6. 0-0 Be7 7. Be3 a6 8. Bxc6 Bxc6 9. Bg5 0-0 10. Nh4 h6 11. Bxf6 Bxf6 12. Nf5 Bd7 13. Ng3 Be6 14. f4 exf4 15. Rxf4 Be5 16. Rf1 Bxg3 17. hxg3 Qd7 18. Rf4 c6 19. Qh5 Rad8 20. Ne2 d5 21. e5 Qe7 22. d4 Kh7 23. g4 Qb4 24. b3 Qd2 25. Kf2 Qxc2 26. g5 Qg6 27. Qxg6+ fxg6 28. Rh1 h5 29. g3 Bg4 30. Ke3 Bxe2 31. Rxf8 Rxf8 32. Kxe2 Re8 33. g4 Rf8 34. gxh5 gxh5 35. Rxh5+ Kg6 36. Rh3 Kxg5 37. Rg3+ Kh6 38. Ke3 g5 39. a4 Kg6 40. Kd3 Rf4 41. Ke3 Re4+ 42. Kd3 Kf5 43. Rf3+ Rf4 44. Ke3 c5 45. Rxf4+ gxf4+ 46. Kd3 cxd4 47. Kxd4 f3 48. Ke3 Kxe5 49. Kxf3 Kd4 50. b4 Kc4 51. b5 axb5 52. axb5 Kxb5 53. Ke3 Kc4 54. Kd2 b5 55. Kc2 d4 56. Kd2 d3 57. Kc1 Kc3 58. Kd1 d2 59. Ke2 Kc2 60. Ke3 d1Q 61. Ke4 Qd3+ 62. Ke5 Kc3 63. Ke6 Qd4 64. Kf5 Kc4 65. Ke6 Qd5+ 66. Kf6 Kc5 67. Ke7 Qd6+ 68. Ke8 Qc7 69. Kf8 Kd6 70. Kg8 Ke6 71. Kh8 Kf6 72. Kg8 Qg7# 0-1

[Event "FRA-chT U20 0203"]
[Site "Clichy"]
[Date "2003.01.04"]
[Round "5.8"]
[White "Bensaid, Alexandre"]
[Black "Saatdjian, Stephane"]
[Result "0-1"]
[WhiteElo "1330"]
[BlackElo "1450"]
[PlyCount "88"]
[EventDate "2002.12.??"]
[EventType "team"]
[EventRounds "11"]
[EventCountry "FRA"]
[SourceTitle "EXT 2004"]
[Source "ChessBase"]
[SourceDate "2003.11.25"]
[SourceVersion "1"]
[SourceVersionDate "2003.11.25"]
[SourceQuality "1"]
[WhiteTeam "Neuilly"]
[BlackTeam "Nancy"]
[WhiteTeamCountry "FRA"]
[BlackTeamCountry "FRA"]

1. e4 d5 2. exd5 Nf6 3. Nc3 Nxd5 4. Nxd5 Qxd5 5. Nf3 Bg4 6. Be2 Nc6 7. 0-0 0-0-0 8. d3 e6 9. h3 Bh5 10. Be3 Bc5 11. Bd2 e5 12. Re1 Rhe8 13. a3 f5 14. Bc3 Nd4 15. Bxd4 exd4 16. Ne5 Bxe2 17. Qxe2 g5 18. g3 Bd6 19. f4 gxf4 20. gxf4 Rg8+ 21. Kh2 Bxe5 22. fxe5 Rde8 23. e6 Kb8 24. b4 Rxe6 25. Qf2 Reg6 26. Rg1 Rxg1 27. Rxg1 Rxg1 28. Qxg1 Qe5+ 29. Kh1 Qd5+ 30. Kh2 Kc8 31. Qe1 Kd7 32. Kg3 Qe6 33. Qf2 Qe3+ 34. Qxe3 dxe3 35. Kf3 f4 36. h4 Kc6 37. c4 b5 38. Ke2 bxc4 39. dxc4 Kb6 40. Kf3 c5 41. Ke2 Ka6 42. Kf3 cxb4 43. axb4 Kb6 44. Ke2 Kc6 0-1